Naučená bezmocnosť a ťažisko kontroly

Problematika externalizovania zodpovednosti za riešenie problémov, s ktorými sa vedenie školy, pedagogickí a odborní zamestnanci potrebujú vysporiadať. Analýza témy: "naučená bezmocnosť". Prípadová štúdia zameraná na rozdielny prístup v riešení problémov z hľadiska vonkajšieho a vnútorného ťažiska k...

Descrizione completa

Salvato in:
Dettagli Bibliografici
Autore principale: Kiss, Arnold
Natura: Capitolo di libro
Lingua:slovacco
Soggetti:
Tags: Aggiungi Tag
Nessun Tag, puoi essere il primo ad aggiungerne!!

MARC

LEADER 00000naa a2200000 4500
001 0258596
005 20191001084516.2
041 0 |a slo 
044 |a SK 
245 1 0 |a Naučená bezmocnosť a ťažisko kontroly  |c Arnold Kiss 
520 |a Problematika externalizovania zodpovednosti za riešenie problémov, s ktorými sa vedenie školy, pedagogickí a odborní zamestnanci potrebujú vysporiadať. Analýza témy: "naučená bezmocnosť". Prípadová štúdia zameraná na rozdielny prístup v riešení problémov z hľadiska vonkajšieho a vnútorného ťažiska kontroly. 
610 2 0 |a psychológia pedagogická 
610 2 0 |a psychológia sociálna 
610 2 0 |a štúdie prípadové 
610 2 0 |a kontrola 
610 2 0 |a učitelia 
100 1 |a Kiss, Arnold